Statistiques concernant François l'embrouille n°1

Cliquez ici pour prendre le quiz!

Statistiques générales

  • Ce quiz a été pris 37 fois
  • Le résultat moyen est 6 sur 15

Statistiques - réponses

ÉpisodeQuestionRéponse% Correct
L'embrouille papaQuelle est la profession qu'exerce François et dont il aimerait parler à la classe de son fils ?Acteur de films de charme
69%
L'agent des busPourquoi la dame à l'imper jaune veut-elle se rendre à Corbais ?Pour dire bonjour
69%
L'auto-écoleÀ quelle partie du corps François est-il blessé à cause de la pédale ?Au gros orteil
50%
Le tuningQue faut-il compter après "Sam" et avant de dire "Evolution" ?Trois crocodiles
50%
Le péagerQuelle recette François donne-t-il au téléphone ?La sauce béchamel
47%
Le réparateur de pare-briseQuel animal a fait un trou dans le pare-brise que François n'a plus en stock ?Un pic vert
47%
Le speed dating (femmes)Dans quel secteur François travaille-t-il ?Dans le secteur
44%
Bruno PelletierEn quelle langue François demande-t-il à Bruno Pelletier de chanter le Temps des cathédrales ?En néerlandais
38%
L'écoleQui le prof barbu ne frappe-t-il pas ?Les débiles
34%
Les forainsCombien de personnes le gérant du train fantôme va-t-il devoir inviter à Disneyland ?14
31%
Le coiffeurÀ quel chanteur anglais François pense-t-il ressembler ?À George Michael
31%
Le tagueurComment s'appelle le personnage interprété par François Damiens dans cet épisode ?Michel Michel Michel
28%
Le vendeur de chaussuresQuel délit a valu au vendeur de chaussures de faire 14 ans de taule ?Trafic de bagnoles
22%
Bruno SoloQue la police trouve-t-elle dans le coffre de la voiture de Bruno Solo ?Des revues porno et des autoradios
13%
Professeur l'embrouilleSur quel sujet François a-t-il écrit une dissertation ?Sur l'emploi du GSM
9%

Distribution des résultats

Percentile par nombre de réponses

% des personnes avec chaque résultat

Votre développement - résultats

Vous n’avez pas pris ce quiz